00853nam a22002417a 450000500170000001000130001702000110003003500130004103700160005404000120007008200160008224500800009826000660017827000500024430000200029465000260031465000310034070000300037170000240040194200250042599900190045095201420046920170124110043.0 aA-002691 c125.00 aA-002691 bCen Lib/Ret aDPLbEN a841.08bIQB aIqbal commemorative volume /cedited by Ali Sardar Jafri [and] K.S. Duggal  aNew Delhi bAll India Iqbal Centenary Celebrations Committee  bNew Delhi aW-155, greater kailash-1 e110048 a280p.c23cm(Hb) aIndian poetry 923804 aPhilosophy xIqbal 924126 aJafri, Ali Sardar 924127 aDuggal, K.S.924128 2ddccENh841.08mIQB c128688d128688 00104070aLbLd2015-07-03eCen Lib/Retg125.00l1m2o841.08 IQBpA-002691r2022-11-25 00:00:00s2022-10-22t1v125.00w2015-07-03yEN